लोड हो रहा है...

Principles of plant biology for the tropics

ग्रंथसूची विवरण
मुख्य लेखक: Butler, J.D
स्वरूप: Printed Book
भाषा:Undetermined
English
प्रकाशित: London Acadamic Press 1979
विषय:
LEADER 00558nam a2200169Ia 4500
008 140306s9999 xx 000 0 und d
041 |a eng 
082 |a 628.5  |b BUT/AI 
100 |a Butler, J.D 
245 |a Principles of plant biology for the tropics 
260 |a London  |b Acadamic Press  |c 1979 
300 |a 408 
365 |b UKP.25 
650 |a Atmospheric pollutants 
942 |2 ddc  |c BK 
999 |c 117397  |d 117397 
952 |0 0  |1 0  |2 ddc  |4 0  |6 628_500000000000000_BUTAI  |7 0  |9 116308  |a KAUHCV  |b KAUHCV  |d 2004-04-29  |g 25.00  |o 628.5 BUT/AI  |p KAU_HCV-11208  |r 2014-03-22  |w 2014-03-22  |y BK